Apolo en Pafos / (Record no. 6032)

MARC details
000 -LEADER
campo de control de longitud fija 00888nam a2200253 i 4500
001 - NÚMERO DE CONTROL
campo de control 6032
003 - IDENTIFICADOR DE NÚMERO DE CONTROL
campo de control ES-MaACL
005 - FECHA Y HORA DE LA ÚLTIMA TRANSACCIÓN
campo de control 20230906144754.0
008 - DATOS DE LONGITUD FIJA--INFORMACIÓN GENERAL
campo de control de longitud fija 890629s1988 sp |||| | spa d
020 ## - NÚMERO INTERNACIONAL ESTÁNDAR DEL LIBRO
Número Internacional Estándar del Libro 84-85342-30-5
080 ## - NÚMERO DE LA CLASIFICACIÓN DECIMAL UNIVERSAL
Número de la Clasificación Decimal Universal 860-95"18"
100 1# - ENTRADA PRINCIPAL--NOMBRE DE PERSONA
Nombre de persona Alas, Leopoldo
Fechas asociadas al nombre 1852-1901
9 (RLIN) 226375
245 10 - MENCIÓN DEL TÍTULO
Título Apolo en Pafos /
Mención de responsabilidad, etc. Leopoldo Alas "Clarín" ; introducción de Raul F. Sánchez-Alarcos.
260 ## - PUBLICACIÓN, DISTRIBUCIÓN, ETC.
Lugar de publicación, distribución, etc. Almería :
Nombre del editor, distribuidor, etc. Instituto de Estudios Almerienses,
Fecha de publicación, distribución, etc. 1988.
300 ## - DESCRIPCIÓN FÍSICA
Extensión 101 p. ;
Dimensiones 21 cm.
490 1# - MENCIÓN DE SERIE
Mención de serie Seminario Fin de Siglo y Formas de la Modernidad ;
Designación de volumen o secuencia 1
700 1# - ENTRADA AGREGADA--NOMBRE PERSONAL
Nombre de persona Sánchez-Alarcos, Raul F.
9 (RLIN) 102437
710 2# - ENTRADA AGREGADA--NOMBRE DE ENTIDAD CORPORATIVA
Nombre de entidad corporativa o nombre de jurisdicción como elemento de entrada Instituto de Estudios Almerienses.
9 (RLIN) 4887
830 0# - PUNTO DE ACCESO ADICIONAL DE SERIE-TÍTULO UNIFORME
Título uniforme Seminario Fin de Siglo y Formas de la Modernidad ;
Designación de volumen o secuencia 1
9 (RLIN) 226366
852 ## - LOCALIZACIÓN
Ubicación ES-MaACL
Número de control de estantería L-11337
852 ## - LOCALIZACIÓN
Ubicación ES-MaACL
Número de control de estantería L-13252
852 ## - LOCALIZACIÓN
Ubicación ES-MaACL
Número de control de estantería L-13253
Holdings
Estatus retirado Estado de pérdida Estado de daño No para préstamo Biblioteca de origen Biblioteca actual Ubicación en estantería Fecha de adquisición Fuente de adquisición Total de préstamos Signatura topográfica completa Código de barras Visto por última vez Precio de reemplazo Tipo de ítem Koha
        Biblioteca del Ateneo de Madrid Biblioteca del Ateneo de Madrid Depósito 2 17/01/2008     L-13253 1006132 23/02/2023 23/02/2023 Libro impreso
        Biblioteca del Ateneo de Madrid Biblioteca del Ateneo de Madrid Depósito 2 17/01/2008     L-11337 1006130 23/02/2023 23/02/2023 Libro impreso
        Biblioteca del Ateneo de Madrid Biblioteca del Ateneo de Madrid Depósito 2 17/01/2008     L-13252 1006131 23/02/2023 23/02/2023 Libro impreso